书目信息 |
| 题名: |
智能制造系统设计
|
|
| 作者: | 李勇 , 刘训臣 , 韩善灵 , 高建刚 著 | |
| 分册: | ||
| 出版信息: | 北京 机械工业出版社 2025.03 |
|
| 页数: | XII, 303页 | |
| 开本: | 26cm | |
| 丛书名: | 数字化工厂与智能制造丛书 | |
| 单 册: | ||
| 中图分类: | TH166 | |
| 科图分类: | ||
| 主题词: | 智能制造系统--zhi neng zhi zao xi tong | |
| 电子资源: | ||
| ISBN: | 978-7-111-77617-8 | |
| 000 | 01573nam 2200349 450 | |
| 001 | 91566 | |
| 005 | 20250817092720.58 | |
| 010 | @a978-7-111-77617-8@dCNY79.00 | |
| 100 | @a20250328d2025 em y0chiy50 ea | |
| 101 | 0 | @achi |
| 102 | @aCN@b110000 | |
| 105 | @aak a 000yy | |
| 106 | @ar | |
| 200 | 1 | @a智能制造系统设计@Azhi neng zhi zao xi tong she ji@f李勇 ... [等] 著 |
| 210 | @a北京@c机械工业出版社@d2025.03 | |
| 215 | @aXII, 303页@c图@d26cm | |
| 225 | 2 | @a数字化工厂与智能制造丛书@Ashu zi hua gong chang yu zhi neng zhi zao cong shu |
| 300 | @a机工电气 | |
| 304 | @a题名页题其余责任者: 刘训臣, 韩善灵, 高建刚 | |
| 312 | @a封面其他题名: 底层逻辑与方法 | |
| 320 | @a有书目 (第293-298页) | |
| 330 | @a本书以作者提出的“深度运筹学”为底层逻辑, 构成完整的智能制造系统设计体系。设计基础介绍智能制造设计体系的底层建模逻辑。设计目标介绍设计落脚点是质量、效率与安全并最终落实到产品成本上, 掌握提取问题与约束的方法。设计对象介绍体系各模块的概念、功能、运行原理和机制。设计方法介绍深度运筹学, 以复杂网络建立系统模型, 通过图深度学习寻找智能制造系统的“满意解”, 从而创新系统运行准则。设计过程介绍以8D报告为模板、PyTorch为平台的智能制造系统项目设计。 | |
| 410 | 0 | @12001 @a数字化工厂与智能制造丛书 |
| 517 | 1 | @a底层逻辑与方法@Adi ceng luo ji yu fang fa |
| 606 | 0 | @a智能制造系统@Azhi neng zhi zao xi tong |
| 690 | @aTH166@v5 | |
| 701 | 0 | @a李勇@Ali yong@4著 |
| 701 | 0 | @a刘训臣@Aliu xun chen@4著 |
| 701 | 0 | @a韩善灵@Ahan shan ling@4著 |
| 701 | 0 | @a高建刚@Agao jian gang@4著 |
| 801 | 0 | @aCN@c20250909 |
| 905 | @a河南城建学院图书馆@dTH166@eL322@f1 | |
| 智能制造系统设计/李勇 ... [等] 著.-北京:机械工业出版社,2025.03 |
| XII, 303页:图;26cm.-(数字化工厂与智能制造丛书) |
| 机工电气 |
| ISBN 978-7-111-77617-8:CNY79.00 |
| 本书以作者提出的“深度运筹学”为底层逻辑, 构成完整的智能制造系统设计体系。设计基础介绍智能制造设计体系的底层建模逻辑。设计目标介绍设计落脚点是质量、效率与安全并最终落实到产品成本上, 掌握提取问题与约束的方法。设计对象介绍体系各模块的概念、功能、运行原理和机制。设计方法介绍深度运筹学, 以复杂网络建立系统模型, 通过图深度学习寻找智能制造系统的“满意解”, 从而创新系统运行准则。设计过程介绍以8D报告为模板、PyTorch为平台的智能制造系统项目设计。 |
| ● |
| 相关链接 |
|
|
|
正题名:智能制造系统设计
索取号:TH166/L322
 
预约/预借
| 序号 | 登录号 | 条形码 | 馆藏地/架位号 | 状态 | 备注 |
| 1 | 1625530 | 216255308 | 自科库501/501自科库 38排4列2层/ [索取号:TH166/L322] | 在馆 |